Introduction to calculus and analysis (Vol. 2) (Record no. 413)
[ view plain ]
| 000 -LEADER | |
|---|---|
| fixed length control field | 00532 a2200181 4500 |
| 001 - CONTROL NUMBER | |
| control field | 066336 |
| 003 - CONTROL NUMBER IDENTIFIER | |
| control field | OSt |
| 005 - DATE AND TIME OF LATEST TRANSACTION | |
| control field | 20210927133926.0 |
| 008 - FIXED-LENGTH DATA ELEMENTS--GENERAL INFORMATION | |
| fixed length control field | |
| 082 ## - DEWEY DECIMAL CLASSIFICATION NUMBER | |
| Classification number | 515 |
| Item number | C83I |
| 100 1# - MAIN ENTRY--PERSONAL NAME | |
| Personal name | John, Fritz |
| 245 1# - TITLE STATEMENT | |
| Title | Introduction to calculus and analysis (Vol. 2) |
| Statement of responsibility, etc | by Fritz John and Richard Courant |
| 260 ## - PUBLICATION, DISTRIBUTION, ETC. (IMPRINT) | |
| Place of publication, distribution, etc | New York |
| Name of publisher, distributor, etc | Springer |
| Date of publication, distribution, etc | 2008 |
| 300 ## - PHYSICAL DESCRIPTION | |
| Extent | 954p. |
| 690 ## - LOCAL SUBJECT ADDED ENTRY--TOPICAL TERM (OCLC, RLIN) | |
| Topical term or geographic name as entry element | Calculus; Mathematical analysis; Mathematics; Global analysis (Mathematics) |
| 700 ## - ADDED ENTRY--PERSONAL NAME | |
| Personal name | Courant, Richard |
| 942 ## - ADDED ENTRY ELEMENTS (KOHA) | |
| Source of classification or shelving scheme | Dewey Decimal Classification |
| Koha item type | Books |
| Withdrawn status | Lost status | Damaged status | Not for loan | Collection code | Home library | Current library | Date acquired | Source of acquisition | Cost, normal purchase price | Full call number | Barcode | Date last seen | Price effective from | Koha item type | Total Checkouts | Date checked out |
|---|---|---|---|---|---|---|---|---|---|---|---|---|---|---|---|---|
| General Text Book | Central University Of Rajasthan | Central University Of Rajasthan | 07/03/2012 | STT | 495.00 | 515 C83I | 624 | 21/11/2024 | 02/09/2020 | Books | ||||||
| General Text Book | Central University Of Rajasthan | Central University Of Rajasthan | 07/03/2012 | STT | 495.00 | 515 C83I | 622 | 21/11/2024 | 02/09/2020 | Books | 1 | 29/03/2022 | ||||
| General Text Book | Central University Of Rajasthan | Central University Of Rajasthan | 07/03/2012 | STT | 495.00 | 515 C83I | 623 | 02/09/2020 | 02/09/2020 | Books |
